000 01018nam0a22002771 4500
001 rc\2802383
005 20230602122437.0
035 _a(NLR Aleph) 006928396
090 _a7521303
_c7521303
100 _a20110915d1936 |||y0rusy50 ca
101 1 _arus
_cger
102 _aRU
105 _aa z |||||
200 1 _aТоль и руберойд, их производство и применение в строительстве
_fД-р В. Малахов, д-р. Г. Маллизон
_gПеревод с нем., под ред. инж. Г. С. Цыпкина
210 _aКиев
_cУкргизместпром
_d1936
215 _aОбл., 120 с., [2] вкл. л. черт.
_cил.
_d21,5х17 см.
300 _aПредисл.: [Г. С. Цыпкин] (с. 3)
700 1 _aМалхов
_bВ.
701 1 _aМаллизон
_bГ.
702 1 _aЦыпкин
_bГ. С.
_4340
801 0 _aRU
_bNLR
_gpsbo
801 1 _aRU
_bELAR
_2rusmarc
852 _aNLR
_j36-5/425
942 _cBOOK
980 _aNB